| 000 | 00838cam a22002531 4500 | ||
|---|---|---|---|
| 001 | 12953 | ||
| 003 | BD-RjUL | ||
| 005 | 20211208235400.0 | ||
| 008 | 140130s1942 mauabfh 001 0 eng c | ||
| 035 | _a(BD-RjUL)13003 | ||
| 035 | _a(OCoLC)3469688 | ||
| 040 |
_aRochester. Univ. Library _cCCC _dCCC _dDLC _dBD-RjUL _beng |
||
| 041 | _aeng | ||
| 082 |
_a580.9 _bRES |
||
| 100 | 1 |
_aReed, Howard S. _q(Howard Sprague), _d1876-1950. _940379 |
|
| 245 | 0 | 2 |
_aA short history of the plant sciences / _cby Howard S. Reed. |
| 260 |
_aWaltham, Mass. : _bChronica Botanica Company, _c1942. |
||
| 300 |
_a320 p. : _bincl. illus., map, facsims. ; _c27 cm. |
||
| 490 | 0 | _aA New series of plant science books, vol. VII | |
| 504 | _a"References" at end of most chapters. | ||
| 650 | 0 |
_aBotany _xHistory. _940380 |
|
| 942 |
_2ddc _cBK |
||
| 999 |
_c12953 _d12953 |
||